000 00700cam a22002531 4500
001 sa 68009141
003 DLC
005 20260227112540.0
008 890616s1965 ii ac 000 0 hino
010 _asa 68009141
035 _a(OCoLC)19882982
040 _aDLC
_cWaU
_dDLC
041 0 _ahineng
042 _apremarc
043 _aa-ii---
050 0 0 _aPK1931
_b.D26
110 2 _aDakshiṇa Bhārata Hindī Pracāra Sabhā.
245 1 0 _aRajata jayantī saṃsmaraṇa grantha.
260 _c[1965]
300 _a215 p.
_billus., ports.
_c25 cm.
500 _aIn Hindi; messages in English and Hindi.
650 0 _aHindi language
_zIndia, South.
700 2 _aSankara Kurup, G.,
_d1901-
999 _c82746
_d82746